000 00367nam a2200145Ia 4500
008 151213s9999 xx 000 0 und d
100 _aM. L. Rosenthal
245 _aThe Modern Poets
_cM. L. Rosenthal
260 _aLondon
_bOxford University Press
_c1960
300 _a4507 p.
650 _aCritics
650 _aEnglish
700 _aM. L. Rosenthal
999 _c2882
_d2882